|
|
|
|
| LEADER |
00000nam a2200000 4500 |
| 005 |
20241023184543.0 |
| 008 |
241023b |||||||| |||| 00| 0 eng d |
| 040 |
|
|
|c GP
|
| 110 |
|
|
|a Arcigay
|
| 245 |
|
|
|a Bilancio Sociale 2022
|
| 260 |
|
|
|b Arcigay
|
| 942 |
|
|
|2 ddc
|c BK
|n 0
|
| 952 |
|
|
|0 0
|1 0
|2 ddc
|4 0
|6 306_766000000000000_ARC
|7 1
|9 2158
|a RM
|b RM
|d 2024-10-23
|l 0
|o 306 766 ARC
|p 841
|r 2024-10-23 18:46:00
|w 2024-10-23
|y BK
|
| 952 |
|
|
|0 0
|1 0
|2 ddc
|4 0
|6 306_766000000000000_ARC_BIL
|7 1
|9 2196
|a RA
|b RA
|d 2024-11-26
|l 0
|o 306.766 ARC BIL
|p 9657
|r 2024-11-26 10:06:02
|w 2024-11-26
|y BK
|
| 952 |
|
|
|0 0
|1 0
|2 ddc
|4 0
|6 306_766000000000000_ARC_BIL
|7 1
|9 2197
|a RA
|b RA
|d 2024-11-26
|l 0
|o 306.766 ARC BIL
|p 9658
|r 2024-11-26 10:06:10
|w 2024-11-26
|y BK
|
| 952 |
|
|
|0 0
|1 0
|2 ddc
|4 0
|6 306_766000000000000_ARC_BIL
|7 1
|9 2198
|a RA
|b RA
|d 2024-11-26
|l 0
|o 306.766 ARC BIL
|p 9659
|r 2024-11-26 10:06:21
|w 2024-11-26
|y BK
|
| 952 |
|
|
|0 0
|1 0
|2 ddc
|4 0
|6 306_766000000000000_ARC_BIL
|7 1
|9 2199
|a RA
|b RA
|d 2024-11-26
|l 0
|o 306.766 ARC BIL
|p 9660
|r 2024-11-26 10:08:00
|w 2024-11-26
|y BK
|
| 952 |
|
|
|0 0
|1 0
|2 ddc
|4 0
|6 306_766000000000000_ARC_BIL
|7 1
|9 2200
|a RA
|b RA
|d 2024-11-26
|l 0
|o 306.766 ARC BIL
|p 9661
|r 2024-11-26 10:08:15
|w 2024-11-26
|y BK
|
| 952 |
|
|
|0 0
|1 0
|2 ddc
|4 0
|6 306_766000000000000_ARC_BIL
|7 1
|9 2201
|a RA
|b RA
|d 2024-11-26
|l 0
|o 306.766 ARC BIL
|p 9662
|r 2024-11-26 10:08:29
|w 2024-11-26
|y BK
|
| 999 |
|
|
|c 1899
|d 1899
|